Statistics for Σημαίες χωρών που αρχίζουν με Κ

Click here to take the quiz!

General Stats

  • This quiz has been taken 19 times
  • The average score is 16 of 20

Answer Stats

Answer% Correct
Δημοκρατία του {Κονγκό}
100%
Καμπότζη
100%
Κύπρος
100%
Κροατία
100%
Κατάρ
93%
Κουβέιτ
93%
Κίνα
93%
Καναδάς
93%
Καζακστάν
93%
Κούβα
86%
Κένυα
86%
Κόσοβο
86%
Κολομβία
86%
Κιριμπάτι
71%
Κάτω Χώρες
64%
Κόστα Ρίκα
64%
Καμερούν
64%
Κομόρες
50%
Κιργιζία
43%
Κεντροαφρικανική Δημοκρατία
43%

Score Distribution

Percentile by Number Answered

Percent of People with Each Score

Your Score History

You have not taken this quiz